00675nam a22001817a 4500003000900000008004100009020001800050040007100068082002300139100002100162245011400183260004900297300006200346505002700408650001600435650001700451650002500468AR-CdUCM190319b ||||| |||| 00| 0 spa d a0-02-313110-1 aMUNICIPALIDAD PROVINCIAL DEL CUSCOcBIBLIOTECA MUNICIPAL DEL CUSCO 22ed.a658.7 /bB78 aBowersox, Donald aLogistical management :bA systems integration of physical distribution management and materials management / aUnited State of America :bMacmillan,c1978. a528 paginas ;bIlustraciones, diagramas, cuadros,c23 cm. aLogistical management. aLogistical  amanagement : asystems integration